[Event "Match Czechia vs Poland 2020"]
[Site "Zlin"]
[Date "2020.09.15"]
[Round "2.5"]
[White "Kriebel, Tadeas"]
[Black "Teclaf, Pawel"]
[Result "1-0"]
[WhiteElo "2519"]
[BlackElo "2464"]
[Annotator "TA"]
[PlyCount "93"]
[EventDate "2020.09.14"]
[EventType "schev"]
[EventCountry "CZE"]
[SourceTitle "playchess.com"]
[Source "ChessBase"]
[SourceQuality "1"]
[WhiteTeam "Czech Republic"]
[BlackTeam "Poland"]
[WhiteTeamCountry "CZE"]
[BlackTeamCountry "POL"]

{[%evp 16,93,15,12,32,27,52,11,18,0,11,14,32,14,14,0,31,19,48,54,111,125,197,200,188,198,187,192,208,195,235,221,239,160,273,137,138,136,127,134,129,131,138,132,152,143,183,186,173,166,193,182,195,195,188,186,292,244,489,250,451,255,369,352,612,329,323,0,630,629,706,704,664,655,811,783,1667,1570,1571,1474]} 1. e4 e6 2. d4 d5 3. Nc3 Nf6 4. e5 Nfd7 5. f4 c5 6. Nf3 Be7 7. Be3 O-O 8. Qd2 Nc6 9. dxc5 Qa5 {C11: French: Classical System: 4 e5 and 4 Bg5 dxe4.} 10. a3 $1 {[%mdl 4] outshines the older 10.0-0-0.} a6 {[#]} 11. h4 $146 ({Predecessor:} 11. O-O-O b6 12. cxb6 Bxa3 13. Nb1 Bb4 14. c3 Nc5 15. Qc2 Bd7 16. Kd2 Ne4+ 17. Ke1 {0-1 (26) Cernousek,L (2458)-Papp,G (2587) Slovakia 2019}) 11... Bxc5 {The position is equal.} 12. h5 b5 13. Bxc5 Nxc5 14. Nd4 (14. h6 $5 {[%cal Rh6g7]} g6 15. Nd4 Nxd4 16. Qxd4 $11) 14... Nxd4 15. Qxd4 Ne4 16. Rh3 f5 17. exf6 Rxf6 {[#]} ({Black should play} 17... Nxf6 $14 18. h6 g6) 18. O-O-O $1 $16 Bb7 (18... Nxc3 $16 19. Rxc3 Qd8) 19. Nxe4 $18 dxe4 20. Rc3 Bd5 ({Avoid the trap} 20... Rxf4 $2 21. b4 $18) 21. g3 Qd8 22. Bg2 Rh6 23. Bxe4 Rxh5 24. Rc5 {Threatens to win with f5.} Rc8 (24... Rb8 $16 {keeps fighting.} 25. Bf3 (25. Bxd5 Rxd5 26. Rxd5 Qxd5 $16) 25... Rf5) 25. Bxd5 ({Better is} 25. b4 $18) 25... Rxd5 $16 26. Rxd5 Qxd5 27. Qxd5 exd5 28. Rxd5 $18 {[%mdl 4096] Endgame KR-KR} Rc6 29. Kd2 Rg6 30. Rd3 Kf7 {[#]} 31. b3 $1 Rg4 32. Ke2 Ke7 33. Kf3 Rg6 34. Rc3 Kd7 35. Rc5 Kd6 (35... Rf6 $142 36. Rd5+ Kc6) 36. Re5 Kd7 $2 (36... Rh6 37. Rg5 g6) 37. Rd5+ (37. Rg5 $142 {Black must now prevent Rxg6.} Rxg5 38. fxg5) 37... Kc6 $2 (37... Ke8 38. c4 bxc4) 38. Rf5 (38. Rg5 $142 {Hoping for Rxg6+.} Rxg5 39. fxg5) 38... h6 (38... Rh6 {was worth a try.} 39. Rf7 g6 40. Rf6+ Kb7) 39. Rf7 Kd5 $2 (39... h5 40. Rf5 Rd6 41. Rxh5 Rd2) 40. Rd7+ Kc6 41. Rf7 $2 (41. Re7) 41... Kd5 $1 42. f5 {White is clearly winning.} Rc6 43. Rxg7 Rxc2 44. Re7 Rc1 45. Kg4 Rc3 46. f6 Kd6 47. Re8 {Accuracy: White = 69%, Black = 39%.} 1-0

[Event "Match Czechia vs Poland 2020"]
[Site "Zlin"]
[Date "2020.09.16"]
[Round "3.1"]
[White "Stocek, Jiri"]
[Black "Piorun, Kacper"]
[Result "0-1"]
[WhiteElo "2595"]
[BlackElo "2596"]
[Annotator "TA"]
[PlyCount "170"]
[EventDate "2020.09.14"]
[EventType "schev"]
[EventCountry "CZE"]
[SourceTitle "playchess.com"]
[Source "ChessBase"]
[SourceQuality "1"]
[WhiteTeam "Czech Republic"]
[BlackTeam "Poland"]
[WhiteTeamCountry "CZE"]
[BlackTeamCountry "POL"]

{[%evp 9,170,5,7,16,16,16,19,14,27,24,31,24,23,0,0,0,0,0,0,0,0,0,0,0,0,0,0,0,0,0,21,26,30,19,29,-17,-17,-17,-18,-22,-8,-19,-13,-51,-31,-45,-40,-49,-46,-70,-41,-145,-136,-139,-112,-120,-103,-103,-108,-100,0,-103,-102,-103,-89,-84,-90,-164,-177,-298,-295,-356,-354,-349,-347,-403,-368,-324,-225,-225,-225,-225,-225,-303,-301,-472,-472,-882,-852,-537,-537,-537,-532,-5642,-5189,-5532,-5583,-5010,-4606,-1591,-4952,-4169,-4129,-2290,-531,-529,-522,-531,-509,-29983,-29984,-29984,-29974,-29974,-170,-170,-170,-170,-170,-170,-170,-170,-170,-170,-170,-170,-170,-29970,-137,-137,-137,-145,-145,-145,-145,-145,0,-159,-159,-159,-159,-159,-159,-29971,-29972,-29972,-29973,-29976,-29977,-29977,-29978,-29978,-29979,-29981,-29980,-29980,-29981,-29982,-29982,-29983,-29984,-29985,-29986]} 1. d4 Nf6 2. c4 e6 3. Nf3 d5 4. Nc3 Bb4 5. cxd5 exd5 6. Bf4 {D38: Queen's Gambit Declined: Ragozin Defence (4 Nf3 Bb4).} c6 7. Qb3 Qb6 8. a3 {The position is equal.} Be7 9. Qc2 O-O {[#]} 10. h3 $146 ({Predecessor:} 10. Rb1 g6 11. e3 Bf5 12. Bd3 Bxd3 13. Qxd3 Nbd7 14. b4 a6 15. O-O Rfe8 16. h3 Bf8 17. Nd2 {½-½ (25) Reshevsky,S-Lombardy,W New York 1956}) 10... Re8 11. e3 (11. g4 {is interesting.} Be6 12. e3 Nbd7 13. Bd3 c5 14. Ng5) 11... Bf5 12. Bd3 Bxd3 13. Qxd3 Nbd7 {[%cal Bb8d7,Bd7f8,Bf8e6][%mdl 32]} 14. O-O a5 15. Qc2 Qa6 16. b3 Nf8 17. Ra2 Ne6 18. Be5 Nd7 19. Bg3 b5 20. Ne5 Nf6 21. Rd1 Qb7 22. Qd3 b4 23. axb4 axb4 24. Rxa8 Rxa8 25. Na4 Ne4 26. Bh2 f6 27. Nf3 c5 28. dxc5 N6xc5 29. Nxc5 Bxc5 30. Nd2 ({White should try} 30. Bg3 $15) 30... Nc3 $17 31. Re1 g6 32. Bg3 Qa6 33. Qc2 Qe6 34. Qd3 Qa6 35. Qc2 $1 Qc6 36. Qd3 Qb5 $36 {[%mdl 2048] Keeping White busy.} 37. Qxb5 Nxb5 38. Kf1 (38. e4 $17) 38... Nc3 $19 39. Nb1 (39. Rc1 $142) 39... Ra2 40. f3 Nxb1 {[%mdl 64] Overworked Piece} 41. Rxb1 Bxe3 {[%mdl 4096] Endgame KRB-KRB} 42. Rd1 d4 43. Be1 f5 44. Rd3 Kf7 45. Bxb4 Ke6 {Threatens to win with ...Rf2+.} 46. Be1 Kd5 47. g4 (47. Rd1 {keeps fighting.}) 47... h5 48. gxh5 (48. g5 $142 Bxg5 49. Bf2) 48... gxh5 49. Bg3 f4 50. Be1 Rb2 51. h4 Rc2 52. Rd1 Ra2 53. Rd3 Rb2 54. Rd1 Rxb3 55. Ra1 d3 56. Ra5+ Kc4 (56... Bc5 $142 {( -> ...Rb1)} 57. Bf2 Rb1+ 58. Kg2 Rc1 59. Bxc5 Rxc5) 57. Ra4+ Kc5 58. Ra5+ Rb5 59. Bc3 (59. Ra3 $19 d2 60. Bxd2 Bxd2 61. Ke2) 59... Rxa5 60. Bxa5 {KB-KB} Kc4 61. Ke1 Kb3 $2 (61... Bc5 62. Kd1 Be7 63. Be1 Bc5 64. Ba5 Be7 65. Be1 Bb4 66. Bf2 Bc3 67. Kc1 Bd4 68. Be1 Be3+ 69. Kd1 d2 70. Bxd2 Bxd2 71. Kxd2 Kd4 72. Kc2 Ke3 73. Kc3 Kxf3 74. Kd2 Kg3 75. Ke2 f3+ 76. Ke1 Kxh4 77. Kf2 Kg4 78. Kf1 h4 79. Kf2 h3 80. Kg1 Kf4 81. Kf2 h2 82. Ke1 h1=Q+ 83. Kd2 f2 84. Kc2 f1=Q 85. Kc3 Qc6+ 86. Kb4 Qfb5+ 87. Ka3 Qa8#) 62. Kd1 Bd4 {aiming for ...Bf6.} 63. Bd8 Kc4 64. Bg5 Be5 65. Bd8 Bd6 66. Bf6 Bc7 67. Kd2 Bb6 68. Bg5 $2 (68. Kd1 $19) 68... Be3+ $2 (68... Ba5+ $1 {mates} 69. Kc1 Kd4 70. Bxf4 Bd8 71. Kd2 Bxh4 72. Be3+ Kc4 73. f4 Bf6 74. Kd1 Bd4 75. Bd2 h4 76. f5 h3 77. Bf4 Bg1 78. f6 h2 79. Bxh2 Bxh2 80. Kd2 Bf4+ 81. Kd1 Kc3 82. f7 Bd6 83. Kc1 Bf8 84. Kd1 d2 85. Ke2 Kc2 86. Kf3 d1=Q+ 87. Kg3 Qh5 88. Kf2 Kd3 89. Kg3 Ke2 90. Kg2 Bd6 91. Kg1 Qh2#) 69. Kd1 $17 Kc3 70. Bf6+ Bd4 71. Bg5 Be5 72. Bd8 Bd4 73. Bg5 $1 Bf2 $1 74. Bd8 Bc5 {Hoping for ...Kd4.} 75. Bf6+ Kc4 76. Bg5 $2 {[#] This move loses the game for White.} (76. Kd2 $17) 76... Kd4 $1 {[%cal Rd4e3] Black mates.} 77. Bxf4 {[#]} Be7 $1 {[%cal Re7h4]} 78. Kd2 Bxh4 79. Be3+ Kc4 80. f4 Bf6 81. f5 h4 82. Ke1 h3 83. Kf1 Bd4 84. Bd2 Kd5 85. Bf4 {[#]} Ke4 $1 {[%mdl 64] Double Attack. Accuracy: White = 68%, Black = 86%.} 0-1

[Event "Match Czechia vs Poland 2020"]
[Site "Zlin"]
[Date "2020.09.16"]
[Round "3.2"]
[White "Krejci, Jan"]
[Black "Nasuta, Grzegorz"]
[Result "0-1"]
[WhiteElo "2543"]
[BlackElo "2553"]
[Annotator "TA"]
[PlyCount "104"]
[EventDate "2020.09.14"]
[EventType "schev"]
[EventCountry "CZE"]
[SourceTitle "playchess.com"]
[Source "ChessBase"]
[SourceQuality "1"]
[WhiteTeam "Czech Republic"]
[BlackTeam "Poland"]
[WhiteTeamCountry "CZE"]
[BlackTeamCountry "POL"]

{[%evp 9,104,18,31,39,22,16,29,23,35,40,49,66,61,81,61,0,42,52,50,26,41,8,22,12,4,14,33,0,0,-16,-16,-12,22,-14,-28,-25,22,23,12,16,22,20,12,0,0,0,0,-95,-10,-206,-191,-217,-224,-256,-197,-206,-54,-55,-50,-56,-37,-45,-35,-33,-41,-86,-86,-86,-83,-77,-66,-159,-100,-151,-135,-152,-109,-122,-82,-81,-80,-207,-204,-199,-193,-261,-217,-316,-295,-610,-608,-908,-893,-29961,-29963,-29972,-29971]} 1. c4 c6 2. Nf3 d5 3. e3 Nf6 4. b3 e6 5. Bb2 Bd6 6. Qc2 {A06: Réti Opening: 1 Nf3 d5.} O-O 7. d4 Nbd7 8. Nbd2 {White has an edge.} Qc7 9. Rc1 {[#]} dxc4 $146 ({Predecessor:} 9... Re8 10. Bd3 h6 11. O-O e5 12. cxd5 Nxd5 13. Nc4 Nb4 14. Bh7+ Kh8 15. Qb1 exd4 16. Bxd4 {1-0 (35) Pavlovic,M (2488)-Andrejic,V (2268) Kragujevac 2015}) 10. Nxc4 Bb4+ 11. Ncd2 Bd6 12. Nc4 Bb4+ 13. Nfd2 b6 14. a3 Be7 $1 15. Ne5 c5 16. Bd3 Bb7 17. O-O h6 ({But not} 17... Nxe5 $6 18. dxe5 Qc6 19. f3 $16) 18. Qb1 Rad8 19. Rfd1 Nxe5 20. dxe5 Nd7 (20... Ng4 {seems wilder.} 21. Bh7+ Kh8 22. Be4 Ba6 23. Qa1 f6) 21. Nc4 Bd5 22. f4 Qb7 (22... b5 $5 {[%cal Rb5c4]} 23. Nd2 Qb6 $11) 23. Qc2 b5 24. Nd6 Bxd6 25. exd6 f5 26. Qc3 {[%csl Gb2][%cal Rc3g7]} (26. Be5 {with more complications.} Rc8 27. Bf1 Rf7 28. g3 Qb6 29. Qd3) 26... Rf7 27. Rd2 Rc8 28. Rdc2 (28. g4 $11) 28... a6 (28... Rc6 $17) 29. a4 $2 (29. Be2 $11 {and White has nothing to worry.}) 29... b4 $1 $19 {[%cal Rb4c3]} 30. Qe1 Bxb3 {[%mdl 64] Double Attack} 31. Bc4 Bxc4 ({Worse is} 31... Bxa4 32. Bxe6 Qe4 33. Bxf7+ Kxf7 34. Rc4 $16) 32. Rxc4 Qd5 $2 {[#]} ({Better is} 32... Rb8 $19 33. Qe2 Qc6) 33. Rxb4 $1 $15 {[%mdl 512]} Qxd6 (33... cxb4 34. Rxc8+) 34. Rbc4 Nb6 35. Be5 Qd5 (35... Qd7 $5 {[%cal Rb6c4]} 36. Rxc5 Rxc5 37. Rxc5 Qxa4 $15) 36. R4c2 c4 $36 {[%mdl 2048] Black has good play.} 37. Bd4 Nxa4 38. Qb4 Qb5 39. Qd6 Rc6 40. Qa3 ({White should try} 40. Qd8+ $15 Kh7 41. Qe8) 40... Rb7 (40... Rd7 $142 41. Qa2 c3 $1 {[%mdl 512]}) 41. Qa2 {[#]} (41. Ra1 $142 Nc5 42. Bxc5 Rxc5 43. Qxa6) 41... c3 $1 $17 42. Bxc3 Nxc3 43. Rxc3 Rbc7 44. Rxc6 Rxc6 {[%mdl 4096] Endgame KQR-KQR} 45. Rd1 (45. Rxc6 $17 {keeps fighting.} Qxc6 46. Kf2) 45... a5 {[%cal Ba6a5,Ba5a4,Ba4a3,Ba3a2][%mdl 32]} 46. h3 a4 47. Kh2 (47. Rd4 $142) 47... Qb3 $19 48. Rd8+ {[#]} (48. Qa1 {was worth a try.}) 48... Kh7 $1 49. Qe2 $2 (49. Qxb3 axb3 50. Kg3) 49... a3 {Threatens to win with ...a2.} 50. Ra8 {intending Qd2.} Rc2 51. Qf3 a2 52. Ra7 Rc1 {Accuracy: White = 50%, Black = 79%.} 0-1

[Event "Match Czechia vs Poland 2020"]
[Site "Zlin"]
[Date "2020.09.16"]
[Round "3.3"]
[White "Sadzikowski, Daniel"]
[Black "Babula, Vlastimil"]
[Result "1-0"]
[WhiteElo "2527"]
[BlackElo "2571"]
[Annotator "TA"]
[PlyCount "45"]
[EventDate "2020.09.14"]
[EventType "schev"]
[EventCountry "CZE"]
[SourceTitle "playchess.com"]
[Source "ChessBase"]
[SourceQuality "1"]
[WhiteTeam "Poland"]
[BlackTeam "Czech Republic"]
[WhiteTeamCountry "POL"]
[BlackTeamCountry "CZE"]

{[%evp 13,45,31,39,16,25,19,35,33,29,33,31,18,87,80,90,90,87,62,52,52,53,0,0,0,328,162,223,202,277,258,1123,1088,29987,29988]} 1. e4 c5 2. Nf3 e6 3. d4 cxd4 4. Nxd4 Nc6 5. Nc3 Qc7 6. g3 a6 7. Bg2 h5 8. O-O {B47: Sicilian: Taimanov: 5 Nc3 Qc7 6 f4, 6 g3 and 6 Be2.} h4 9. Re1 hxg3 10. hxg3 {White is slightly better.} d6 11. Nxc6 bxc6 12. e5 {[#]} dxe5 $146 (12... d5 $1 $11 {remains equal.}) ({Predecessor:} 12... d5 13. Na4 Ne7 14. c4 Nf5 15. cxd5 cxd5 16. Be3 Nxe3 17. Rxe3 Bd7 18. Rc1 Qa5 {½-½ (69) Edouard,R (2642)-Movsesian,S (2645) Brest 2019}) 13. Rxe5 $16 Nf6 14. Ne4 $36 {[%mdl 2048] White has strong initiative.} Nxe4 15. Bxe4 {aiming for Bf4.} f5 16. Bf4 Bd6 {[#]} 17. Rc5 (17. Rxf5 $1 $14 {[%mdl 512]} exf5 18. Bxd6) 17... Bxf4 $11 18. Bxc6+ {[%mdl 64] Double Attack} Ke7 $2 {[%mdl 8192]} (18... Kf7 $11 {and Black stays safe.} 19. gxf4 (19. Bxa8 Qxc5 20. gxf4 Rh4 $15) 19... Bb7) 19. gxf4 ({Weaker is} 19. Bxa8 Qxc5 20. gxf4 Bd7 $15) (19. Qd4 $142 Be5 20. Bxa8 {[%mdl 64] Discovered Attack} (20. Qxe5 Qxe5 21. Rxe5 Rb8 $11) 20... Bxd4 21. Rxc7+ Kf6 22. c3) 19... Bb7 (19... Bd7 {was called for.} 20. Qxd7+ Qxd7 21. Bxd7 Kxd7) 20. Qd4 $18 Kf7 {[#]} 21. Qc4 $1 {White threatens Rxf5+ and mate.} Kf6 $2 (21... Rac8 22. Rxf5+ (22. Be8+ $2 Kf8 $19) 22... Ke7 23. Qb4+ Qd6 24. Rf7+ {[%mdl 64] Deflection} (24. Qxb7+ Rc7 $11) 24... Kxf7 25. Qxd6 Bxc6) 22. Qc3+ Kg6 23. Be8+ {[%mdl 64] Discovered Attack. Accuracy: White = 76%, Black = 39%.} 1-0

[Event "Match Czechia vs Poland 2020"]
[Site "Zlin"]
[Date "2020.09.16"]
[Round "3.4"]
[White "Janik, Igor"]
[Black "Kriebel, Tadeas"]
[Result "1/2-1/2"]
[WhiteElo "2470"]
[BlackElo "2519"]
[Annotator "TA"]
[PlyCount "69"]
[EventDate "2020.09.14"]
[EventType "schev"]
[EventCountry "CZE"]
[SourceTitle "playchess.com"]
[Source "ChessBase"]
[SourceQuality "1"]
[WhiteTeam "Poland"]
[BlackTeam "Czech Republic"]
[WhiteTeamCountry "POL"]
[BlackTeamCountry "CZE"]

{[%evp 16,69,26,23,68,52,64,49,55,31,30,31,29,11,15,14,31,29,41,36,52,3,25,-23,-24,-29,-10,-47,0,0,8,7,7,7,6,0,0,0,0,0,0,0,68,0,0,0,0,0,0,0,0,0,0,0,0,0]} 1. c4 e6 2. d4 Nf6 3. Nf3 d5 4. Nc3 Be7 5. g3 O-O 6. Bg2 b6 7. cxd5 exd5 8. O-O Bb7 9. Bf4 a5 {E18: Queen's Indian: Old Main Line (4 g3 Bb7 5 Bg2 Be7 6 0-0 0-0 7 Nc3).} 10. Rc1 Na6 11. Ne5 c5 {White is slightly better.} 12. dxc5 Nxc5 {[#]} 13. Nd3 $146 ({Predecessor:} 13. Nb5 Nfe4 14. Nd4 Bd6 15. Nec6 Qf6 16. Bxd6 Qxd6 17. Nf5 Qf6 18. Qd4 Qxd4 19. Ncxd4 g6 20. Nh4 Rac8 21. Nhf3 Na4 {½-½ (39) Tsay,V (2164)-Cordova,E (2599) Sturbridge 2019}) 13... Ne6 14. Be5 Ng4 15. Qa4 Nxe5 16. Nxe5 Nc5 17. Qd1 {[%cal Rc3d5]} Bf6 18. Nd3 Ne4 19. Na4 Rb8 20. Nf4 Re8 21. Qd3 Qd6 22. Qb5 Bg5 23. e3 $1 Bxf4 24. exf4 d4 {Black wants to play ...d3.} 25. Rfd1 Ba8 26. Nc3 Nxc3 27. bxc3 Bxg2 28. Kxg2 Rec8 (28... Qa3 $11) 29. cxd4 (29. Rxd4 $14 Qe6 30. c4) 29... Rxc1 $11 {The position is equal.} 30. Rxc1 {And now Qe5 would win.} Qxd4 $14 {KQR-KQR} 31. Rc4 Qd8 32. Rc6 h6 33. a4 Qd4 34. Rc4 Qd6 35. Rc6 {Accuracy: White = 81%, Black = 87%.} 1/2-1/2

[Event "Match Czechia vs Poland 2020"]
[Site "Zlin"]
[Date "2020.09.16"]
[Round "3.5"]
[White "Nguyen, Thai Dai Van"]
[Black "Teclaf, Pawel"]
[Result "1/2-1/2"]
[WhiteElo "2569"]
[BlackElo "2464"]
[Annotator "TA"]
[PlyCount "134"]
[EventDate "2020.09.14"]
[EventType "schev"]
[EventCountry "CZE"]
[SourceTitle "playchess.com"]
[Source "ChessBase"]
[SourceQuality "1"]
[WhiteTeam "Czech Republic"]
[BlackTeam "Poland"]
[WhiteTeamCountry "CZE"]
[BlackTeamCountry "POL"]

{[%evp 9,134,-3,15,26,21,14,19,14,21,22,16,16,35,23,34,0,0,12,1,7,27,18,25,8,18,24,15,0,0,-12,26,43,43,36,31,25,31,0,0,-38,-37,-47,-47,-44,-35,-35,-35,-89,-78,-124,-136,-133,-129,-129,-89,-89,-89,-108,-109,-109,-101,-181,-181,-181,-181,-181,-181,-223,-181,-223,-223,-223,-180,-180,0,-223,-187,-223,-223,-256,-187,-223,0,-256,-187,-223,-223,-223,-223,-223,0,-223,-223,-223,-223,-223,-223,-223,-223,-237,-187,-223,-223,-223,-187,-223,-223,-223,-26,-27,-33,-47,-56,-128,0,0,0,0,0,0,0,0,0,0,0,0,0]} 1. d4 Nf6 2. c4 g6 3. Nc3 d5 4. Nf3 Bg7 5. h4 c6 6. cxd5 {D90: Grünfeld: 4 Nf3 Bg7 sidelines.} cxd5 7. Bf4 Nc6 {[%cal Bb8c6,Bc6a5,Ba5c4][%mdl 32]} 8. e3 O-O 9. Qb3 Na5 10. Qa3 Nc4 11. Qb4 {[#]} b6 $146 ({Predecessor:} 11... Qb6 12. Qxb6 axb6 13. Nxd5 Nxd5 14. Bxc4 Nxf4 15. exf4 Rd8 16. O-O Bg4 17. Ne5 Bxe5 18. dxe5 {1-0 (38) Xu,X (2532)-Laciner,K (2271) Konya 2017}) 12. Be2 a5 13. Qb3 Bg4 14. Bxc4 a4 15. Qa3 dxc4 16. Ne5 b5 17. O-O ({Much worse is} 17. Nxb5 Qd5 $15) 17... Bd7 18. Nxd7 Qxd7 19. Qc5 Rfc8 (19... Ra5 {keeps more tension.} 20. Rfd1 Rc8 21. Qb4 Rca8 22. a3 e6) 20. Qxb5 Qxb5 21. Nxb5 Nd5 22. Bg3 a3 23. bxa3 c3 24. Rac1 c2 25. Rfe1 $1 {[%cal Re1e2]} Rc4 $1 26. e4 Ra5 {aiming for ...Bh6.} 27. exd5 Rxb5 28. d6 {[#]} ({Not} 28. Rxe7 $2 Rb1 $19) ({White should play} 28. a4 $1 $15 Rb2 29. Bf4) 28... exd6 $1 $17 {[#]} 29. Rxc2 $1 {[%mdl 512]} Rxc2 30. Re8+ Bf8 31. Bxd6 f6 ({Don't do} 31... Rxa2 32. Bxf8 h5 33. g3 $15) 32. Rxf8+ {[%mdl 4096] Endgame KRR-KRB} Kg7 33. Rb8 Rxb8 34. Bxb8 Rxa2 {KR-KB} 35. d5 (35. Bd6 $17 {might work better.}) 35... Rxa3 $19 36. d6 Kf7 37. Bc7 Ke6 38. Kh2 Rd3 39. f3 Rd2 40. Kh3 Rf2 41. Kg3 Rd2 42. Kh3 $1 h5 43. Kg3 Kd7 44. Kh3 Kc6 45. Kg3 Kd7 46. Kh3 $1 Rd1 47. Kg3 Rh1 48. Bb8 Ke6 49. Bc7 Kd7 50. Bb8 $1 Kd8 51. Bc7+ Kc8 52. Bb6 Rd1 53. Bc7 Rd4 54. Kh3 Kd7 55. Kg3 Ke6 56. Kh3 Kf5 57. Kg3 Rd2 58. Kh3 g5 $2 (58... Rd3 $19 59. Kh2 Ke6) 59. hxg5 $1 $11 fxg5 60. Kg3 Rd1 {Threatens to win with ...Rd5.} 61. Kf2 {[#]} (61. Kh3 $15) 61... h4 ({Black should try} 61... Rd5 $1 $17 {...Ke6 is the strong threat.} 62. Ke3 Ke6) 62. Ke2 {The position is equal.} Rd5 {And now ...Ke6 would win.} 63. Kf2 Ke6 64. Kg1 Kf5 65. Kf2 g4 66. fxg4+ Kxg4 67. Ke3 Kf5 {And White is the lucky defender. Accuracy: White = 82%, Black = 79%.} 1/2-1/2

[Event "Match Czechia vs Poland 2020"]
[Site "Zlin"]
[Date "2020.09.17"]
[Round "4.1"]
[White "Babula, Vlastimil"]
[Black "Piorun, Kacper"]
[Result "1/2-1/2"]
[WhiteElo "2571"]
[BlackElo "2596"]
[Annotator "ChessBase"]
[PlyCount "53"]
[EventDate "2020.09.14"]
[EventType "schev"]
[EventCountry "CZE"]
[WhiteTeam "Czech Republic"]
[BlackTeam "Poland"]
[WhiteTeamCountry "CZE"]
[BlackTeamCountry "POL"]
[TimeControl "40/5400+30:1800+30"]

1. d4 {[%emt 0:00:00]} Nf6 {[%emt 0:00:00]} 2. c4 {[%emt 0:00:00]} e6 {[%emt 0:00:00]} 3. Nc3 {[%emt 0:00:00]} Bb4 {[%emt 0:00:00]} 4. e3 {[%emt 0:00:06]} O-O {[%emt 0:00:00]} 5. Bd3 {[%emt 0:00:18]} d5 {[%emt 0:00:06]} 6. Nf3 {[%emt 0:00:31]} c5 {[%emt 0:00:08]} 7. cxd5 {[%emt 0:00:32]} exd5 {[%emt 0:00:27]} 8. dxc5 {[%emt 0:00:22]} Nbd7 {[%emt 0:00:11]} 9. Bd2 {[%emt 0:00:29]} Nxc5 {[%emt 0:00:31]} 10. Be2 {[%emt 0:00:12]} Ne6 {[%emt 0:04:35]} 11. a3 {[%emt 0:00:30]} Bd6 {[%emt 0:02:38]} 12. Nb5 {[%emt 0:01:13]} Bb8 {[%emt 0:01:10]} 13. Bc3 {[%emt 0:08:26]} Ne4 {[%emt 0:05:11]} 14. Rc1 {[%emt 0:02:33]} Re8 {[%emt 0:09:55]} 15. O-O {[%emt 0:06:02]} a6 {[%emt 0:07:00]} 16. Nbd4 {[%emt 0:01:21]} N6c5 {[%emt 0:08:49]} 17. Bb4 {[%emt 0:19:29]} Bd6 {[%emt 0:08:25]} 18. Nd2 {[%emt 0:08:30]} b6 {[%emt 0:07:02]} 19. Nxe4 {[%emt 0:13:03]} dxe4 {[%emt 0:00:11]} 20. Nb3 {[%emt 0:00:28]} Nxb3 {[%emt 0:10:43]} 21. Qxb3 {[%emt 0:01:09]} Be6 {[%emt 0:00:57]} 22. Qc3 {[%emt 0:10:22]} Rc8 {[%emt 0:12:27]} 23. Qd4 {[%emt 0:01:06]} Bxb4 {[%emt 0:01:01]} 24. Qxb4 {[%emt 0:01:28]} a5 {[%emt 0:00:07]} 25. Qxe4 {[%emt 0:01:53]} Qd2 {[%emt 0:01:12]} 26. Rxc8 {[%emt 0:01:16]} Rxc8 {[%emt 0:00:02]} 27. Bg4 {[%emt 0:09:37]} 1/2-1/2

[Event "Match Czechia vs Poland 2020"]
[Site "Zlin"]
[Date "2020.09.17"]
[Round "4.1"]
[White "Babula, Vlastimil"]
[Black "Piorun, Kacper"]
[Result "*"]
[WhiteElo "2571"]
[BlackElo "2596"]
[Annotator "TA"]
[PlyCount "36"]
[EventDate "2020.09.14"]
[EventType "schev"]
[EventCountry "CZE"]
[SourceTitle "playchess.com"]
[Source "ChessBase"]
[SourceQuality "1"]
[WhiteTeam "Czech Republic"]
[BlackTeam "Poland"]
[WhiteTeamCountry "CZE"]
[BlackTeamCountry "POL"]

{[%evp 12,23,9,5,6,7,12,11,13,0,0,0,1,0]} 1. d4 Nf6 2. c4 e6 3. Nc3 Bb4 4. e3 O-O 5. Bd3 d5 6. Nf3 c5 7. cxd5 {The position is equal.} exd5 {E53: Nimzo-Indian: Rubinstein: Main Line (4...0-0 5 Nf3 d5 6 Bd3 c5 7 0-0).} 8. dxc5 Nbd7 9. Bd2 Nxc5 10. Be2 Ne6 11. a3 Bd6 12. Nb5 {[#] An uneventful encounter.} {Predecessor:} Bb8 $146 13. O-O Re8 14. Rc1 Ne4 15. Be1 a6 16. Nbd4 Nxd4 17. Qxd4 Ba7 18. Qb4 Qf6 {½-½ (36) Avotins,M (2445)-Rogos,J (2506) ICCF email 2016} *